| 000 | 00562nam a2200193 a 4500 | ||
|---|---|---|---|
| 005 | 20250212063730.0 | ||
| 008 | 991125s1978 lon 000 0 eng u | ||
| 020 | _a0333216458 | ||
| 035 | _aUPN01000016718 | ||
| 049 | _aCG | ||
| 050 | 4 |
_aHX626 _bB3.3 |
|
| 100 | 1 | _aBatra, Raveendra N. | |
| 245 | 1 | 4 |
_aThe downfall of capitalism and communism : _ba new study of history / _cRaveendra N. Batra. |
| 260 |
_aLondon : _bMacMillan, _c1978. |
||
| 300 | _a283 p. | ||
| 650 | 4 |
_aCapitalismo _xHistoria _96564 |
|
| 650 | 4 |
_aCOMUNISMO - _xHISTORIA _99897 |
|
| 905 | _aLibro | ||
| 999 |
_c16718 _d16718 |
||